[Event "PRO League Group Stage"]
[Site "chess.com INT"]
[Date "2018.01.25"]
[Round "2"]
[White "Lenderman, Aleksandr"]
[Black "Iturrizaga Bonelli, Eduardo"]
[Result "0-1"]
[WhiteTitle "GM"]
[BlackTitle "GM"]
[WhiteElo "2611"]
[BlackElo "2650"]
[WhiteTeam "Montclair Sopranos"]
[BlackTeam "Miami Champions"]
[WhiteFideId "2021285"]
[BlackFideId "3901211"]
[EventDate "2018.01.18"]

1. d4 Nf6 2. c4 e6 3. Nc3 Bb4 4. Qc2 c5 5. dxc5 O-O 6. a3 Bxc5 7. Nf3 Qb6 8. e3
Be7 9. Be2 a6 10. O-O Qc7 11. e4 d6 12. Bf4 Nbd7 13. Rfd1 b6 14. Nd2 Bb7 15.
Rac1 Rac8 16. Be3 Rfe8 17. f4 Bf8 18. Qb1 g6 19. Bf3 Bh6 20. Re1 Qb8 21. g3 e5
22. Nd5 b5 23. Qd3 bxc4 24. Nxf6+ Nxf6 25. Nxc4 exf4 26. Bxf4 Bxf4 27. gxf4 d5
28. exd5 Qxf4 29. Rxe8+ Rxe8 30. Rd1 Ng4 31. Bxg4 Qxg4+ 32. Kf2 Re4 33. b3 Rf4+
34. Ke1 Rf3 35. Ne3 Qg1+ 36. Kd2 Qxh2+ 37. Kc1 Qe5 38. Re1 Rf2 39. Re2 Rxe2 40.
Qxe2 Bxd5 41. Qd3 Be6 42. Nc2 h5 0-1

[Event "PRO League Group Stage"]
[Site "chess.com INT"]
[Date "2018.01.25"]
[Round "2"]
[White "Lenderman, Aleksandr"]
[Black "Becerra Rivero, Julio"]
[Result "1-0"]
[WhiteTitle "GM"]
[BlackTitle "GM"]
[WhiteElo "2611"]
[BlackElo "2531"]
[WhiteTeam "Montclair Sopranos"]
[BlackTeam "Miami Champions"]
[WhiteFideId "2021285"]
[BlackFideId "3501728"]
[EventDate "2018.01.18"]

1. d4 g6 2. c4 Bg7 3. Nf3 d6 4. Nc3 Nf6 5. e4 O-O 6. Be2 e5 7. O-O Nc6 8. d5 Ne7
9. Ne1 Nd7 10. Be3 f5 11. f3 f4 12. Bf2 g5 13. Nd3 b6 14. b4 Nf6 15. c5 Ng6 16.
Rc1 Rf7 17. cxd6 cxd6 18. Nb2 h5 19. Nb5 g4 20. Rc6 Bf8 21. Nc4 g3 22. hxg3 fxg3
23. Bxg3 h4 24. Bh2 Ne8 25. Rf2 Rg7 26. Bf1 Bd7 27. Ne3 Qg5 28. Nf5 Bxf5 29.
exf5 Qxf5 30. Bd3 Qf7 31. Bxg6 Rxg6 32. Qd3 Bg7 33. Nc3 Rd8 34. Ne4 Nf6 35. Rxd6
Rc8 36. Rc6 Rd8 37. Nxf6+ Rxf6 38. Rxf6 Bxf6 39. Rd2 Bg5 40. Rd1 Bf4 41. Bxf4
Qxf4 42. Qe4 Qg3 43. d6 h3 44. Qg4+ Qxg4 45. fxg4 hxg2 46. Kxg2 Kf7 47. d7 Ke6
48. Kf3 1-0

[Event "PRO League Group Stage"]
[Site "chess.com INT"]
[Date "2018.01.25"]
[Round "2"]
[White "Onischuk, Alexander"]
[Black "Hasangatin, Ramil"]
[Result "1-0"]
[WhiteTitle "GM"]
[BlackTitle "GM"]
[WhiteElo "2681"]
[BlackElo "2502"]
[WhiteTeam "Estonia Horses"]
[BlackTeam "Volga Stormbringers"]
[WhiteFideId "14101025"]
[BlackFideId "4122160"]
[EventDate "2018.01.18"]

1. d4 d5 2. c4 c6 3. e3 Bf5 4. cxd5 cxd5 5. Qb3 Qc7 6. Nc3 e6 7. e4 Bxe4 8. Bf4
Qb6 9. Nb5 Qa5+ 10. Kd1 Na6 11. Rc1 Qb4 12. Qxb4 Bxb4 13. a3 Be7 14. f3 Bg6 15.
Nc7+ Nxc7 16. Rxc7 a6 17. Rxb7 Bf6 18. Be5 Bxe5 19. dxe5 Kd8 20. Ne2 Kc8 21. Rb3
Ne7 22. Nd4 Kc7 23. Kd2 Rhb8 24. Rc3+ Kb6 25. Be2 Rc8 26. Rhc1 Rxc3 27. Rxc3 Nf5
28. Nxf5 Bxf5 29. Ke3 g5 30. b4 h5 31. Kd4 h4 32. a4 Kb7 33. a5 Rg8 34. b5 axb5
35. Bxb5 g4 36. f4 g3 37. hxg3 Rxg3 38. Rc6 Rxg2 39. a6+ Kb8 40. Rd6 Ra2 41. Kc5
Kc7 42. Rd7+ Kc8 43. Rxf7 h3 44. Kb6 Kd8 45. a7 d4 46. Rd7+ Ke8 47. Rxd4+ Kf8
48. Ba4 Rb2+ 49. Ka5 1-0

[Event "PRO League Group Stage"]
[Site "chess.com INT"]
[Date "2018.01.25"]
[Round "2"]
[White "Onischuk, Alexander"]
[Black "Gorozhanin, Mikhail"]
[Result "1-0"]
[WhiteTitle "GM"]
[BlackTitle "FM"]
[WhiteElo "2681"]
[BlackElo "2435"]
[WhiteTeam "Estonia Horses"]
[BlackTeam "Volga Stormbringers"]
[WhiteFideId "14101025"]
[BlackFideId "4178262"]
[EventDate "2018.01.18"]

1. d4 d5 2. c4 e6 3. Nc3 c6 4. e3 f5 5. g4 Nf6 6. gxf5 exf5 7. Nf3 Bb4 8. Bd2
O-O 9. Qc2 f4 10. exf4 Bg4 11. Ne5 Qe7 12. Rg1 Bxc3 13. bxc3 Nbd7 14. Bd3 Bf3
15. Rg3 Be4 16. f3 Bxd3 17. Qxd3 dxc4 18. Qxc4+ Nd5 19. O-O-O Nb6 20. Qb3 Rf5
21. Rdg1 g6 22. Qc2 Raf8 23. Nxg6 hxg6 24. Rxg6+ Kh7 25. R6g5 Kh6 26. Rxf5 Nc4
27. Rh5+ Kxh5 28. Qg6+ Kh4 29. Qg4# 1-0

[Event "PRO League Group Stage"]
[Site "chess.com INT"]
[Date "2018.01.25"]
[Round "2"]
[White "Ghasi, Ameet K"]
[Black "Thorfinnsson, Bjorn"]
[Result "0-1"]
[WhiteTitle "IM"]
[BlackTitle "IM"]
[WhiteElo "2475"]
[BlackElo "2400"]
[WhiteTeam "London Towers"]
[BlackTeam "Reykjavik Puffins"]
[WhiteFideId "409200"]
[BlackFideId "2300982"]
[EventDate "2018.01.18"]

1. c4 c5 2. Nf3 Nc6 3. e3 e6 4. Nc3 Nf6 5. d4 d5 6. cxd5 Nxd5 7. Bd3 cxd4 8.
exd4 Be7 9. h4 h6 10. a3 Nxc3 11. bxc3 e5 12. Nxe5 Nxe5 13. dxe5 O-O 14. Be3
Bxh4 15. Bd4 Re8 16. Qh5 Bg5 17. O-O Bd2 18. Rad1 Qg5 19. Qh2 Bf4 20. g3 Bxe5
21. Rfe1 Bg4 22. Be3 Qf6 23. Rb1 Bf3 24. c4 Rad8 25. Be2 Bxe2 26. Rxe2 Bd4 27.
Bxd4 Qxd4 28. Rxe8+ Rxe8 29. Qg2 b6 30. Qc6 Qe4 31. Qxe4 Rxe4 32. Rc1 Re5 33.
Rb1 Rc5 34. Rb4 Kf8 35. Kf1 Ke7 36. Ke2 Kd6 37. Kd3 Rh5 38. Rb1 Ra5 39. Rb3 Kc5
40. Rc3 f5 41. f3 Ra4 42. g4 fxg4 43. fxg4 g6 44. Rc1 Rxa3+ 45. Ke4 Ra4 46. Ke5
Rxc4 47. Rg1 h5 48. g5 Rg4 49. Rc1+ Kb5 50. Kf6 a5 51. Kxg6 a4 52. Kxh5 Rg2 53.
g6 a3 54. Kh6 Kb4 55. Rb1+ Ka5 56. g7 b5 57. Rc1 Ka4 58. Rc8 b4 59. Ra8+ Kb3 60.
Ra6 Rxg7 61. Kxg7 a2 62. Kf6 Kb2 63. Ke5 a1=Q 64. Rxa1 Kxa1 65. Kd4 b3 66. Kc4
b2 0-1

[Event "PRO League Group Stage"]
[Site "chess.com INT"]
[Date "2018.01.25"]
[Round "2"]
[White "Ghasi, Ameet K"]
[Black "Olafsson, Helgi"]
[Result "1/2-1/2"]
[WhiteTitle "IM"]
[BlackTitle "GM"]
[WhiteElo "2475"]
[BlackElo "2508"]
[WhiteTeam "London Towers"]
[BlackTeam "Reykjavik Puffins"]
[WhiteFideId "409200"]
[BlackFideId "2300010"]
[EventDate "2018.01.18"]

1. Nf3 Nf6 2. g3 g6 3. Bg2 Bg7 4. O-O O-O 5. d4 d5 6. Nbd2 c6 7. c4 Bf5 8. b3 a5
9. a3 Na6 10. Bb2 Ne4 11. e3 Qb6 12. Rc1 Bg4 13. h3 Nxd2 14. Qxd2 Be6 15. Ng5
Qxb3 16. Nxe6 fxe6 17. c5 Nc7 18. Rc3 Qb5 19. f4 a4 20. h4 Rab8 21. Qc2 Qa6 22.
h5 Rf6 23. g4 Nb5 24. g5 Rf5 25. Rd3 b6 26. Bh3 bxc5 27. Bxf5 exf5 28. dxc5 e5
29. fxe5 Qc8 30. Qxa4 Qd8 31. Qh4 Nc7 32. Bd4 Ne6 33. Kh1 Qa5 34. Qe1 Qa6 35.
Rd1 Qxa3 36. Rb1 Rxb1 37. Qxb1 Nxd4 38. exd4 Qh3+ 39. Kg1 Qg3+ 40. Kh1 Qh4+ 41.
Kg2 Qxg5+ 42. Kf3 Qxh5+ 43. Ke3 Bh6+ 44. Kd3 Qh3+ 45. Kc2 Qg2+ 46. Kb3 Qe2 47.
Rd1 Qc4+ 48. Ka3 Qa6+ 49. Kb2 Qb5+ 50. Ka1 Qa4+ 51. Kb2 Qb4+ 52. Kc2 Qc4+ 53.
Kb2 Qb4+ 54. Ka1 Qa4+ 55. Kb2 Qb4+ 56. Kc2 Qc4+ 57. Kb2 Qb4+ 58. Ka2 1/2-1/2

[Event "PRO League Group Stage"]
[Site "chess.com INT"]
[Date "2018.01.25"]
[Round "2"]
[White "Chen, Forest"]
[Black "Cervantes Landeiro, Thalia"]
[Result "1-0"]
[BlackTitle "WFM"]
[WhiteElo "2107"]
[BlackElo "2128"]
[WhiteTeam "Saint Louis Arch Bishops"]
[BlackTeam "Webster Windmills"]
[WhiteFideId "30908205"]
[BlackFideId "3520498"]
[EventDate "2018.01.18"]

1. d4 Nf6 2. c4 g6 3. f3 d5 4. cxd5 Nxd5 5. e4 Nb6 6. Nc3 Bg7 7. Be3 O-O 8. Qd2
Nc6 9. O-O-O f5 10. e5 Nb4 11. Nh3 Be6 12. Kb1 Qd7 13. Nf4 Rfd8 14. h4 Bf7 15.
g4 N6d5 16. Ncxd5 Nxd5 17. Bc4 fxg4 18. fxg4 b5 19. Bxd5 Bxd5 20. Nxd5 Qxd5 21.
Qc2 c5 22. dxc5 Qxe5 23. Rde1 Qc7 24. h5 Qc6 25. Bg5 Rd7 26. hxg6 Qxg6 27. Qxg6
hxg6 28. Rxe7 Rd5 29. Be3 Kf8 30. Re4 Rad8 31. Rf1+ Kg8 32. Rc1 Rc8 33. b4 Rd7
34. Kc2 Bf8 35. Bd4 a5 36. a3 axb4 37. axb4 Ra8 38. Kb3 Rad8 39. Bb2 Rd3+ 40.
Rc3 Rd2 41. Rc2 R2d3+ 42. Ka2 Ra8+ 43. Kb1 Rd1+ 44. Rc1 Rd2 45. Re6 Kf7 46. Rb6
Be7 47. Rxb5 Rad8 48. c6 Rc8 49. Rb7 Rd6 50. b5 Rd5 51. Ba3 Re8 52. Bxe7 Rxe7
53. Rxe7+ Kxe7 54. c7 Rxb5+ 55. Ka2 Ra5+ 56. Kb3 Rb5+ 57. Ka4 1-0

[Event "PRO League Group Stage"]
[Site "chess.com INT"]
[Date "2018.01.25"]
[Round "2"]
[White "Chen, Forest"]
[Black "Cori, Jorge"]
[Result "1/2-1/2"]
[BlackTitle "GM"]
[WhiteElo "2107"]
[BlackElo "2660"]
[WhiteTeam "Saint Louis Arch Bishops"]
[BlackTeam "Webster Windmills"]
[WhiteFideId "30908205"]
[BlackFideId "3802272"]
[EventDate "2018.01.18"]

1. d4 Nf6 2. c4 e6 3. Nf3 d5 4. g3 Be7 5. Bg2 O-O 6. O-O Nbd7 7. Qc2 c6 8. Nc3
dxc4 9. a4 a5 10. Rd1 Nd5 11. Ne5 Nxe5 12. dxe5 Qc7 13. Qe4 Bb4 14. Bd2 b6 15.
Qxc4 Ba6 16. Qe4 Rad8 17. Rac1 Nxc3 18. Bxc3 Bxc3 19. bxc3 Rd5 20. c4 Rxe5 21.
Qxc6 Qxc6 22. Bxc6 Rxe2 23. Rd6 g5 24. Bf3 Rb2 25. c5 Rc8 26. c6 Rb3 27. Kg2 Rd3
28. Rxd3 Bxd3 29. Rc3 g4 30. Bxg4 Be4+ 31. Bf3 Bxf3+ 32. Kxf3 Kf8 33. c7 Ke7 34.
Rc6 Kd7 35. Rxb6 Rxc7 36. Ra6 Rc5 37. Ra7+ Ke8 38. h4 Kf8 39. Kg2 Kg7 40. Kh3
Kg6 41. f4 h5 42. Kg2 f6 43. Kh3 Rd5 44. Ra8 Rc5 45. Ra7 e5 46. fxe5 fxe5 47.
Kg2 Kf5 48. Kf3 e4+ 49. Ke3 Rc3+ 50. Kf2 Rc2+ 51. Ke3 Rc3+ 52. Kf2 Rc5 53. Ke3
Rc3+ 1/2-1/2

[Event "PRO League Group Stage"]
[Site "chess.com INT"]
[Date "2018.01.25"]
[Round "2"]
[White "Ostrovskiy, Andrey"]
[Black "Tiglon, Bryce"]
[Result "1/2-1/2"]
[WhiteTitle "IM"]
[BlackTitle "IM"]
[WhiteElo "2448"]
[BlackElo "2385"]
[WhiteTeam "Las Vegas Desert Rats"]
[BlackTeam "Seattle Sluggers"]
[WhiteFideId "14110326"]
[BlackFideId "2087456"]
[EventDate "2018.01.18"]

1. e4 c5 2. Nf3 d6 3. d4 cxd4 4. Nxd4 Nf6 5. Nc3 a6 6. h3 e5 7. Nde2 b5 8. Bg5
Bb7 9. Bxf6 Qxf6 10. Nd5 Qd8 11. Nec3 Be7 12. a4 bxa4 13. Rxa4 Nd7 14. Qa1 Nb6
15. Nxb6 Qxb6 16. Bb5+ Kf8 17. O-O g6 18. Bc4 Kg7 19. Bd5 Rhc8 20. Qa2 f5 21.
exf5 gxf5 22. Bxb7 Qxb7 23. Qe6 Rf8 24. Nd5 Rae8 25. Nxe7 Rxe7 26. Qxd6 Rf6 27.
Qb4 Rb6 28. Qa3 Rg6 29. f3 Rc7 30. Qe3 Qxb2 31. Ra2 Qb5 32. Re1 Qc5 33. Qxc5
Rxc5 34. Rea1 a5 35. g4 fxg4 36. hxg4 h5 37. Rxa5 Rxc2 38. Rxe5 hxg4 39. f4 Kh6
40. Rae1 Rf6 41. R1e2 Rxe2 42. Rxe2 Rxf4 43. Kg2 Kg5 44. Re5+ Kh4 45. Re8 Rf5
46. Rh8+ Kg5 47. Rg8+ Kf4 48. Ra8 Rc5 49. Rf8+ Kg5 50. Rg8+ Kf4 51. Rf8+ Kg5 52.
Rg8+ Kh4 53. Rh8+ Kg5 54. Rg8+ Kf5 55. Rf8+ Ke6 56. Rg8 Rc4 57. Kg3 Kf5 58. Rf8+
Kg5 59. Rg8+ Kf5 60. Rf8+ Ke6 61. Rg8 Rc1 62. Rxg4 Kf5 63. Rf4+ Ke5 64. Rf3 Ke4
65. Rf4+ Ke5 66. Rf3 Ke4 67. Rf4+ Ke5 68. Rf3 1/2-1/2

[Event "PRO League Group Stage"]
[Site "chess.com INT"]
[Date "2018.01.25"]
[Round "2"]
[White "Ostrovskiy, Andrey"]
[Black "Margvelashvili, Giorgi"]
[Result "1-0"]
[WhiteTitle "IM"]
[BlackTitle "GM"]
[WhiteElo "2448"]
[BlackElo "2530"]
[WhiteTeam "Las Vegas Desert Rats"]
[BlackTeam "Seattle Sluggers"]
[WhiteFideId "14110326"]
[BlackFideId "13602926"]
[EventDate "2018.01.18"]

1. e4 c6 2. Nc3 d5 3. Nf3 a6 4. d4 Bg4 5. h3 Bh5 6. exd5 cxd5 7. g4 Bg6 8. Ne5
Nc6 9. h4 Nb4 10. a3 Nxc2+ 11. Kd2 e6 12. Nxg6 hxg6 13. Kxc2 Rxh4 14. Rxh4 Qxh4
15. Be3 Nf6 16. Be2 Qh2 17. Rc1 b5 18. Kb1 Qd6 19. Bxb5+ axb5 20. Nxb5 Qb8 21.
Nc7+ Kd7 22. Nxa8 Qxa8 23. g5 Ne8 24. Bf4 Bd6 25. Bxd6 Nxd6 26. Qb3 Qa6 27. a4
Ne4 28. Qb5+ Qxb5 29. axb5 1-0

[Event "PRO League Group Stage"]
[Site "chess.com INT"]
[Date "2018.01.25"]
[Round "2"]
[White "Smirnov, Anton"]
[Black "Mamedov, Rauf"]
[Result "0-1"]
[WhiteTitle "GM"]
[BlackTitle "GM"]
[WhiteElo "2527"]
[BlackElo "2709"]
[WhiteTeam "Australia Kangaroos"]
[BlackTeam "San Jose Hackers"]
[WhiteFideId "3208923"]
[BlackFideId "13401653"]
[EventDate "2018.01.18"]

1. d4 d6 2. e4 g6 3. Nf3 Bg7 4. Bc4 Nf6 5. Qe2 O-O 6. O-O c6 7. Bb3 a5 8. a4 Bg4
9. h3 Bxf3 10. Qxf3 Nbd7 11. Nc3 c5 12. Be3 Ng4 13. Nb5 cxd4 14. Bxd4 Nge5 15.
Qe2 Nc5 16. Bxc5 dxc5 17. Rad1 Qb6 18. c3 Rad8 19. Kh1 c4 20. Bc2 Rxd1 21. Rxd1
Rd8 22. Kg1 e6 23. Kf1 Bf8 24. g3 g5 25. Rxd8 Qxd8 26. Qe3 g4 27. hxg4 Nxg4 28.
Qf4 h5 29. e5 Qd5 30. Qd4 Nh2+ 31. Ke2 Qf3+ 32. Ke1 Qh1+ 33. Ke2 Qf1+ 34. Ke3
Qe1+ 35. Kf4 Bh6# 0-1

[Event "PRO League Group Stage"]
[Site "chess.com INT"]
[Date "2018.01.25"]
[Round "2"]
[White "Smirnov, Anton"]
[Black "Virtanen, Teemu"]
[Result "1-0"]
[WhiteTitle "GM"]
[BlackTitle "FM"]
[WhiteElo "2527"]
[BlackElo "2301"]
[WhiteTeam "Australia Kangaroos"]
[BlackTeam "San Jose Hackers"]
[WhiteFideId "3208923"]
[BlackFideId "509850"]
[EventDate "2018.01.18"]

1. d4 Nf6 2. c4 e6 3. Nf3 b6 4. g3 Bb7 5. Bg2 Be7 6. Nc3 O-O 7. Qc2 c5 8. d5
exd5 9. Nh4 Na6 10. cxd5 d6 11. Nf5 Re8 12. Nxe7+ Qxe7 13. O-O b5 14. Bg5 Nc7
15. Rad1 h6 16. Bxf6 Qxf6 17. e4 b4 18. Ne2 Ba6 19. Rfe1 Bb5 20. f4 a5 21. a4
bxa3 22. bxa3 Rab8 23. Nd4 Bd7 24. Nc6 Rb2 25. Qc1 Bxc6 26. e5 Rxg2+ 27. Kxg2
dxe5 28. dxc6 Qxc6+ 29. Kg1 e4 30. Qc4 Kf8 31. Rc1 Na6 32. Re3 f5 33. Rb1 Rd8
34. Reb3 1-0

[Event "PRO League Group Stage"]
[Site "chess.com INT"]
[Date "2018.01.25"]
[Round "2"]
[White "Salem, A.R. Saleh"]
[Black "Haldorsen, Benjamin"]
[Result "1-0"]
[WhiteTitle "GM"]
[BlackTitle "FM"]
[WhiteElo "2642"]
[BlackElo "2405"]
[WhiteTeam "Delhi Dynamite"]
[BlackTeam "Oslo Trolls"]
[WhiteFideId "9301348"]
[BlackFideId "1512633"]
[EventDate "2018.01.18"]

1. d4 d5 2. c4 dxc4 3. Nf3 Nf6 4. Nc3 a6 5. e4 b5 6. e5 Nd5 7. a4 e6 8. axb5 Nb6
9. Be2 Bb7 10. bxa6 Nxa6 11. O-O Nb4 12. Bg5 Rxa1 13. Qxa1 Qa8 14. Qxa8+ Bxa8
15. Nd2 Nc2 16. Be3 c5 17. Nb5 Bc6 18. Nxc4 Bxb5 19. Nd6+ Bxd6 20. Bxb5+ Kd8 21.
exd6 Nxd4 22. Bxd4 cxd4 23. Ra1 Kc8 24. Ra7 Kb8 25. Rxf7 Rd8 26. d7 Kc7 27. Rxg7
Kd6 28. Rxh7 e5 29. g4 Kc5 30. Bd3 Nxd7 31. g5 Kd5 32. Bf5 Nc5 33. b4 Ne4 34. h4
Nd6 35. Bg4 e4 36. g6 Ke5 37. g7 Kf6 38. Rh8 1-0

[Event "PRO League Group Stage"]
[Site "chess.com INT"]
[Date "2018.01.25"]
[Round "2"]
[White "Salem, A.R. Saleh"]
[Black "Hauge, Lars Oskar"]
[Result "1-0"]
[WhiteTitle "GM"]
[BlackTitle "IM"]
[WhiteElo "2642"]
[BlackElo "2436"]
[WhiteTeam "Delhi Dynamite"]
[BlackTeam "Oslo Trolls"]
[WhiteFideId "9301348"]
[BlackFideId "1509276"]
[EventDate "2018.01.18"]

1. d4 Nf6 2. c4 c5 3. e3 cxd4 4. exd4 d5 5. Nc3 Nc6 6. Bg5 Be6 7. Be2 Qa5 8. Nf3
Rd8 9. c5 Ne4 10. O-O g6 11. Qc1 Bg7 12. Bh6 Bxd4 13. Nb5 Bxc5 14. Ng5 Nxg5 15.
Qxc5 Ne4 16. Qe3 Qb6 17. Qf4 Kd7 18. Rfd1 Kc8 19. a4 Nd6 20. a5 Nxa5 21. Qc1+
Ndc4 22. Nd4 Nb3 23. Nxb3 Qxb3 24. Rxa7 Bf5 25. Bxc4 Qxc4 26. Qxc4+ dxc4 27.
Ra8+ Kc7 28. Bf4+ 1-0

[Event "PRO League Group Stage"]
[Site "chess.com INT"]
[Date "2018.01.25"]
[Round "2"]
[White "Aradhya, Garg"]
[Black "Haldorsen, Benjamin"]
[Result "1-0"]
[BlackTitle "FM"]
[WhiteElo "2289"]
[BlackElo "2405"]
[WhiteTeam "Delhi Dynamite"]
[BlackTeam "Oslo Trolls"]
[WhiteFideId "25006746"]
[BlackFideId "1512633"]
[EventDate "2018.01.18"]

1. d4 d5 2. c4 dxc4 3. e3 Be6 4. Nf3 c6 5. a4 Nf6 6. Na3 g6 7. Bxc4 Bd5 8. Qb3
Qb6 9. Qc2 Bg7 10. Bxd5 Qa5+ 11. b4 Qxd5 12. O-O O-O 13. Bb2 Nbd7 14. Nc4 Rac8
15. Rfc1 Ne4 16. Na5 Nd6 17. Nb3 f5 18. Nc5 Nf6 19. Ne5 b6 20. Ncd3 g5 21. Nxc6
Qe6 22. b5 Rc7 23. Ba3 Nfe4 24. Qa2 Qxa2 25. Rxa2 f4 26. f3 Nf6 27. exf4 Nd5 28.
fxg5 Rfc8 29. Rac2 Kf8 30. g4 Ne3 31. Re2 Nec4 32. Bxd6 Nxd6 33. Nf4 Rd7 34.
Ne6+ Kg8 35. Nxg7 Kxg7 36. Rce1 Kf8 37. Rxe7 Rxe7 38. Nxe7 Rc4 39. Nc6 Rxa4 40.
Re5 a6 41. bxa6 Rxa6 42. Re6 Ra1+ 43. Kg2 Nf7 44. h4 Rd1 45. Kg3 b5 46. Ne5 Nd8
47. Rb6 Rxd4 48. Rb8 Ke7 49. Rxd8 Rxd8 50. Nc6+ Kd7 51. Nxd8 b4 52. Nb7 Kc6 53.
Na5+ Kb5 54. Nb3 Kc4 55. Nc1 Kc3 56. Na2+ Kb3 57. Nxb4 Kxb4 58. h5 Kc5 59. g6
hxg6 60. hxg6 Kd6 61. g7 1-0

[Event "PRO League Group Stage"]
[Site "chess.com INT"]
[Date "2018.01.25"]
[Round "2"]
[White "Aradhya, Garg"]
[Black "Hauge, Lars Oskar"]
[Result "1-0"]
[BlackTitle "IM"]
[WhiteElo "2289"]
[BlackElo "2436"]
[WhiteTeam "Delhi Dynamite"]
[BlackTeam "Oslo Trolls"]
[WhiteFideId "25006746"]
[BlackFideId "1509276"]
[EventDate "2018.01.18"]

1. d4 Nf6 2. c4 c5 3. d5 b5 4. Nf3 g6 5. Qc2 bxc4 6. e4 d6 7. Bxc4 Bg7 8. h3 O-O
9. O-O Nbd7 10. Rd1 Rb8 11. Nc3 Ne8 12. Bf4 Nc7 13. Qe2 Nb6 14. Bd3 c4 15. Bc2
Na6 16. e5 Nb4 17. Be4 Ba6 18. Bg3 Nd3 19. Nd4 Rb7 20. Nc6 Qc7 21. b4 Nc8 22.
Rab1 Rb6 23. b5 Bb7 24. a4 Ba8 25. a5 Rb7 26. b6 axb6 27. a6 Ra7 28. Nb5 Qd7 29.
e6 fxe6 30. dxe6 Qxe6 31. Nbxa7 Nxa7 32. Bd5 Qxd5 33. Nxe7+ Kh8 34. Nxd5 Bxd5
35. Qe7 Nc8 36. Qc7 Bd4 37. Kh2 h5 38. a7 h4 39. Bxh4 Be5+ 40. Bg3 Bxg3+ 41.
fxg3 Nxa7 42. Rf1 Ra8 43. Rf6 Be4 44. Rxb6 Nc6 45. Rxc6 Bxc6 46. Qxc6 1-0

[Event "PRO League Group Stage"]
[Site "chess.com INT"]
[Date "2018.01.25"]
[Round "2"]
[White "Bitalzadeh, Ali"]
[Black "Harvey, Marcus R"]
[Result "1-0"]
[WhiteTitle "IM"]
[BlackTitle "FM"]
[WhiteElo "2390"]
[BlackElo "2349"]
[WhiteTeam "Amsterdam Mosquitoes"]
[BlackTeam "London Lions"]
[WhiteFideId "1010972"]
[BlackFideId "400092"]
[EventDate "2018.01.18"]

1. c4 Nf6 2. Nc3 c5 3. Nf3 b6 4. g3 Bb7 5. Bg2 e6 6. O-O Be7 7. b3 O-O 8. Bb2 d5
9. cxd5 Nxd5 10. Nxd5 Bxd5 11. Rc1 Na6 12. Re1 Bf6 13. Bc3 Bb7 14. Qc2 Bxc3 15.
dxc3 Nc7 16. Rcd1 Qf6 17. Rd7 Rac8 18. Ng5 Qxg5 19. Bxb7 Rb8 20. Be4 Nd5 21.
Bxh7+ Kh8 22. Be4 Nf6 23. Rxa7 Nxe4 24. Qxe4 Qd2 25. Rf1 Qxc3 26. Rd1 Kg8 27.
Rdd7 b5 28. Qf4 Qf6 29. Rxf7 Rxf7 30. Rxf7 Qxf4 31. Rxf4 b4 32. Rc4 Ra8 33. Rxc5
Rxa2 34. Rc4 Rxe2 35. Rxb4 Rb2 36. Kg2 Kf7 37. Kf3 Kf6 38. Ke3 Rb1 39. Rb5 g5
40. Kf3 Rh1 41. Kg2 Rb1 42. h3 Rb2 43. Kf3 Rc2 44. Rb8 Kf5 45. Rb5+ Kf6 46. h4
gxh4 47. gxh4 e5 48. Kg3 Kf5 49. Rb4 Rc3+ 50. f3 Rc1 51. Rb8 Rg1+ 52. Kh2 Rb1
53. b4 e4 54. fxe4+ Kxe4 55. h5 Kf5 56. Rb6 Kg4 57. h6 Rb2+ 58. Kg1 Rb1+ 59. Kf2
Kf4 60. Ke2 Ke4 61. Kd2 Kd4 62. Kc2 Rh1 63. Kb3 Kd5 64. Ka4 Kc4 65. Rc6+ Kd5 66.
Kb5 Rh4 67. Rb6 Rh1 68. Ka6 Ra1+ 69. Kb7 Rh1 70. Rg6 Rb1 71. Rb6 Rh1 72. Ka6 Kc4
73. b5 Ra1+ 74. Kb7 Kc5 75. Kc7 Rh1 76. Rg6 Kxb5 77. Kd7 Kc5 78. Ke7 Kd5 79. Kf7
Ke5 80. Kg7 Ra1 81. h7 Ra7+ 82. Kh6 Ra8 83. Rg8 Ra6+ 84. Kg5 1-0

[Event "PRO League Group Stage"]
[Site "chess.com INT"]
[Date "2018.01.25"]
[Round "2"]
[White "Bitalzadeh, Ali"]
[Black "Adair, James R"]
[Result "0-1"]
[WhiteTitle "IM"]
[BlackTitle "IM"]
[WhiteElo "2390"]
[BlackElo "2480"]
[WhiteTeam "Amsterdam Mosquitoes"]
[BlackTeam "London Lions"]
[WhiteFideId "1010972"]
[BlackFideId "406252"]
[EventDate "2018.01.18"]

1. c4 c5 2. Nc3 g6 3. Nf3 Bg7 4. g3 Nc6 5. Bg2 e6 6. O-O Nge7 7. d3 O-O 8. Bf4
d5 9. cxd5 exd5 10. Rc1 b6 11. Qd2 d4 12. Nb5 a6 13. Na3 Nd5 14. Bg5 f6 15. Bh6
Ndb4 16. Bxg7 Kxg7 17. Nc2 Nxa2 18. Ra1 Be6 19. Ng5 Bd5 20. Rxa2 fxg5 21. Raa1
Bxg2 22. Kxg2 Qd5+ 23. Kg1 a5 24. Na3 Ne5 25. Rac1 g4 26. Nc4 Nxc4 27. dxc4 Qe4
28. Qd3 Rae8 29. Rfe1 Re6 30. Qxe4 Rxe4 31. Rcd1 Rfe8 32. Kf1 g5 33. b3 Kg6 34.
Rd2 h5 35. Kg2 Kf5 36. Ra2 h4 37. Rd2 R4e6 38. Kf1 hxg3 39. hxg3 Rh8 40. Kg2
Reh6 41. Rg1 Rh2+ 42. Kf1 Ke4 43. e3 dxe3 44. Re2 Rxf2+ 45. Rxf2 exf2 46. Kxf2
Rh2+ 47. Ke1 Rb2 0-1

[Event "PRO League Group Stage"]
[Site "chess.com INT"]
[Date "2018.01.25"]
[Round "2"]
[White "Shetty, Atulya"]
[Black "Hambleton, Aman"]
[Result "0-1"]
[WhiteTitle "IM"]
[BlackTitle "IM"]
[WhiteElo "2389"]
[BlackElo "2501"]
[WhiteTeam "Pittsburgh Pawngrabbers"]
[BlackTeam "Montreal Chessbrahs"]
[WhiteFideId "2031213"]
[BlackFideId "2606577"]
[EventDate "2018.01.18"]

1. c4 e5 2. g3 Nf6 3. Bg2 c6 4. d4 Bb4+ 5. Bd2 Bxd2+ 6. Qxd2 d6 7. Nc3 O-O 8. e3
Re8 9. dxe5 dxe5 10. Qxd8 Rxd8 11. Nf3 Re8 12. h3 a5 13. Na4 Na6 14. Nb6 Rb8 15.
Nxc8 Rbxc8 16. Ke2 Rcd8 17. Rhd1 Rxd1 18. Rxd1 Kf8 19. Nd2 Nc5 20. Nb3 Nxb3 21.
axb3 Ra8 22. Ra1 Ra6 23. b4 axb4 24. Rxa6 bxa6 25. Bxc6 Ke7 26. Bb7 a5 27. c5 e4
28. g4 h6 29. h4 g5 30. hxg5 hxg5 31. f3 a4 32. Kd2 Kd7 33. Ke2 a3 0-1

[Event "PRO League Group Stage"]
[Site "chess.com INT"]
[Date "2018.01.25"]
[Round "2"]
[White "Shetty, Atulya"]
[Black "Castellanos Rodriguez, Renier"]
[Result "1-0"]
[WhiteTitle "IM"]
[BlackTitle "IM"]
[WhiteElo "2389"]
[BlackElo "2501"]
[WhiteTeam "Pittsburgh Pawngrabbers"]
[BlackTeam "Montreal Chessbrahs"]
[WhiteFideId "2031213"]
[BlackFideId "3404650"]
[EventDate "2018.01.18"]

1. c4 c5 2. g3 g6 3. Bg2 Bg7 4. Nc3 Nc6 5. Nf3 d6 6. O-O Bf5 7. d3 Qd7 8. e3 Nf6
9. d4 O-O 10. b3 Bh3 11. Bb2 Bxg2 12. Kxg2 cxd4 13. exd4 d5 14. Ne5 Qd6 15. Re1
e6 16. Nb5 Qb8 17. cxd5 Nxe5 18. dxe5 Nxd5 19. Qe2 a6 20. Nd6 b5 21. Rac1 Ra7
22. Rc5 Rc7 23. Rec1 Rxc5 24. Rxc5 Qb6 25. Bd4 Qa5 26. Rc6 Ne7 27. Nb7 Qa3 28.
Bc5 Qc1 29. Rxa6 Nd5 30. Bxf8 Bxf8 31. Nd6 1-0